书目信息 |
| 题名: |
药物化学
|
|
| 作者: | 仉文升 , 李安良 主编 | |
| 分册: | ||
| 出版信息: | 北京 高等教育出版社 2000.08 |
|
| 页数: | 678页 | |
| 开本: | 16开 | |
| 丛书名: | ||
| 单 册: | ||
| 中图分类: | R914 | |
| 科图分类: | ||
| 主题词: | 药物学:基础理论 | |
| 电子资源: | ||
| ISBN: | 7-04-007694-2 | |
| 000 | 00587nam0 2200205 45 | |
| 001 | 0106181681 | |
| 005 | 20010618161422.9 | |
| 010 | @a7-04-007694-2@d45.10元 | |
| 100 | @a20010618d2000 km y0chiy0120 ea | |
| 101 | 0 | @achi |
| 105 | @a z 000yy | |
| 200 | 1 | @a药物化学@AYao Wu Hua Xue@f仉文升,李安良主编@FZhang Wen Sheng,Li An Liang Zhu Bian |
| 210 | @a北京@c高等教育出版社@d2000.08 | |
| 215 | @a678页@d16开 | |
| 606 | 0 | @a药物学:基础理论 |
| 690 | @aR914@v3 | |
| 701 | 0 | @a仉文升@4主编 |
| 701 | 0 | @a李安良@4主编 |
| 801 | @aCN@bPftUser@c20010618 | |
| 905 | @f5@b348508-512@dR914@eJ797 | |
| 药物化学/仉文升,李安良主编.-北京:高等教育出版社,2000.08 |
| 678页;16开 |
| ISBN 7-04-007694-2:45.10元 |
| ● |
| 相关链接 |
|
|
|
正题名:药物化学
索取号:R914/J797
 
预约/预借
| 序号 | 登录号 | 条形码 | 馆藏地/架位号 | 状态 | 备注 |
| 1 | 348508 | 203485086 | 自科库401/401自科库 22排3列1层/ [索取号:R914/J797] | 在馆 | |
| 2 | 348509 | 203485095 | 自科二线504/504自科库 39排2列1层/ [索取号:R914/J797] | 在馆 | |
| 3 | 348510 | 203485102 | 自科二线504/504自科库 39排2列1层/ [索取号:R914/J797] | 在馆 | |
| 4 | 348511 | 203485111 | 自科库401/401自科库 22排3列1层/ [索取号:R914/J797] | 在馆 | |
| 5 | 348512 | 203485120 | 自科二线504/504自科库 39排2列1层/ [索取号:R914/J797] | 在馆 |